Countries Gaining the Most People by 2100 - Statistics

General Stats
  • This quiz has been taken 20 times
  • The average score is 13 of 18
Answer Stats
Population Growth (2100) Country Population (2100) % Correct
+339,000 Niger 91 Million
94%
+2,281,000 Tanzania 263 Million
94%
+2,830,000 D. R. Congo 431 Million
89%
+1,777,000 Ethiopia 367 Million
83%
+1,118,000 Angola 150 Million
78%
+508,000 Cameroon 89 Million
72%
+857,000 Pakistan 511 Million
72%
+543,000 United States 421 Million
72%
+552,000 Afghanistan 130 Million
67%
+318,000 Chad 70 Million
67%
+304,000 Mali 79 Million
67%
+388,000 Mozambique 104 Million
67%
+575,000 Sudan 137 Million
67%
+333,000 Zambia 64 Million
67%
+784,000 Côte d'Ivoire 104 Million
61%
+286,000 Somalia 67 Million
61%
+372,000 Madagascar 85 Million
50%
+446,000 Saudi Arabia 71 Million
39%
No matching quizzes found
Score Distribution
Percent of People with Each Score
Percentile by Number Answered
Your Score History
You have not taken this quiz